000 00863nas a2200277 4500
001 BR9502171
003 BR-BrBNA
005 20231205093950.0
007 ta
008 230509b bl.|||p| |||| 00| 00por d
040 _aBR-BrBNA
_bpor
_cBiblioteca Nacional de Agricultura
041 _a(Pt)
072 _aK10
100 1 _aCardoso, D.J.
100 1 _aMachado, S. do A.
100 1 _aRosot, N.C.
100 1 _aEmerenciano, D.B.
245 1 _aAvaliacao da influencia dos fatores idade e sitio na relacao hipsometrica para Pinus taeda nas regioes central e sudoeste do Estado do Parana
650 _aPinheiro
650 _aHipsometro
650 _aInventario Florestal
650 _aPARANÁ
773 0 _tFloresta (Brazil)
_xISSN 0015-3826
_g1989, v. 19(1-2) p. 96-115
_wBR9502171
909 _a202311
_bLúcia
_c55
_dLúcia Elande
942 _2AGRIS
_n0
_cANA
999 _c141344
_d141344